| 000 | 01306cam a2200289 a 4500 | ||
|---|---|---|---|
| 001 | 1144072 | ||
| 003 | OSt | ||
| 005 | 20160510145357.0 | ||
| 008 | 950619s1995 maua bf 001 0 eng | ||
| 010 | _a 95030895 | ||
| 020 | _a0201483173 (pbk.) | ||
| 040 |
_aDLC _cDLC _dDLC |
||
| 050 | 0 | 0 |
_aTK5105.875.I57 _bF769 1995 |
| 082 | 0 | 0 |
_a025.04 _220 _bFRA 1995 |
| 100 | 1 |
_aFranks, Mike. _98653 |
|
| 245 | 1 | 0 |
_aInternet publishing handbook : _cfor World-Wide Web, Gopher, and WAIS / Mike Franks. |
| 260 |
_aReading, Mass. : _bAddison-Wesley, _c1995. |
||
| 300 |
_axviii, 380 p. : _bill. ; _c23 cm. |
||
| 504 | _aIncludes bibliographical references (p. 349-350) and index. | ||
| 650 | 0 |
_aInternet publishing. _98654 |
|
| 650 | 0 |
_aGopher servers. _98655 |
|
| 650 | 0 |
_aWorld Wide Web. _98656 |
|
| 650 | 0 |
_aWAIS (Information retrieval system) _98657 |
|
| 906 |
_a7 _bcbc _corignew _d1 _eocip _f19 _gy-gencatlg |
||
| 942 |
_2ddc _cSLOAN |
||
| 999 |
_c3950 _d3950 |
||